Ang unang baboy sa langit / (Record no. 103305)
[ view plain ]
| 000 -LEADER | |
|---|---|
| fixed length control field | 00652nam a2200205 a 4500 |
| 005 - DATE AND TIME OF LATEST TRANSACTION | |
| control field | 20140412111259.0 |
| 008 - FIXED-LENGTH DATA ELEMENTS--GENERAL INFORMATION | |
| fixed length control field | 010419s19uu xx 00 eng d |
| 020 ## - INTERNATIONAL STANDARD BOOK NUMBER | |
| International Standard Book Number | 971-19-0061-0 |
| 050 ## - LIBRARY OF CONGRESS CALL NUMBER | |
| Classification number | Fil 398.2 |
| Item number | VIL 1991 |
| 050 ## - LIBRARY OF CONGRESS CALL NUMBER | |
| Classification number | Fil 398.2 |
| Item number | V714 1991 |
| 100 ## - MAIN ENTRY--PERSONAL NAME | |
| Personal name | Villanueva, Rene O. |
| 245 ## - TITLE STATEMENT | |
| Title | Ang unang baboy sa langit / |
| Statement of responsibility, etc | ni Rene O. Villanueva ; illustrated by Ibarra C. Crisostomo. |
| 260 ## - PUBLICATION, DISTRIBUTION, ETC. (IMPRINT) | |
| Place of publication, distribution, etc | Pasig, Metro Manila : |
| Name of publisher, distributor, etc | Cacho Publishing House, |
| Date of publication, distribution, etc | 1991. |
| 300 ## - PHYSICAL DESCRIPTION | |
| Extent | 1 v. (unp.) ; ill. |
| 500 ## - GENERAL NOTE | |
| General note | Winner 1990 Palanca Award |
| 650 ## - SUBJECT ADDED ENTRY--TOPICAL TERM | |
| Topical term or geographic name as entry element | Pigs stories |
| 650 ## - SUBJECT ADDED ENTRY--TOPICAL TERM | |
| Topical term or geographic name as entry element | Children's stories -Philippines |
| Withdrawn status | Lost status | Damaged status | Home library | Current library | Shelving location | Date acquired | Source of acquisition | Total Checkouts | Full call number | Barcode | Date last seen | Price effective from | Koha item type |
|---|---|---|---|---|---|---|---|---|---|---|---|---|---|
| Elizalde Library | Elizalde Library | Filipiniana Section | 04/19/2001 | Fil 398.2 VIL 1991 | E4412 | 04/12/2014 | 04/12/2014 | Books | |||||
| Elizalde Library | Elizalde Library | Filipiniana Section | 04/14/2003 | Fil 398.2 V714 1991 | E5011 | 04/12/2014 | 04/12/2014 | Books |